Employer's handbook (Record no. 102576)

MARC details
000 -LEADER
fixed length control field 01364cam a2200301 4500
008 - FIXED-LENGTH DATA ELEMENTS--GENERAL INFORMATION
fixed length control field 030113n2002 000 0 eng u
020 ## - INTERNATIONAL STANDARD BOOK NUMBER
International Standard Book Number 0749436980
035 ## - SYSTEM CONTROL NUMBER
System control number (Sirsi) u120961
041 ## - LANGUAGE CODE
Language code of text/sound track or separate title eng.
050 ## - LIBRARY OF CONGRESS CALL NUMBER
Classification number 346.41024
-- 18
100 ## - MAIN ENTRY--PERSONAL NAME
Personal name Cushway, Barry
245 ## - TITLE STATEMENT
Title Employer's handbook
Remainder of title an essential guide to employment law, personnel policies and procedures
260 ## - PUBLICATION, DISTRIBUTION, ETC.
Place of publication, distribution, etc. London
Name of publisher, distributor, etc. Kogan Page
Date of publication, distribution, etc. 2002
300 ## - PHYSICAL DESCRIPTION
Extent 320p.
Dimensions 25cm.
350 ## - PRICE (NR) (BK AM CF MU VM SE) [OBSOLETE]
Price 35
520 ## - SUMMARY, ETC.
Summary, etc. Designed for small to medium sized employers, this text offers non-legalese expert advice and information on UK employment law. Includes guidance on the law's requirements and best practice, and contains model letters, forms, policy documents and procedures for dealing with all key employment issues. Among the many specific topics covered are: staff recruitment, writing employment contracts, paying staff, dealing with absence, writing a staff handbook, tribunal cases, and working with trade unions.
520 ## - SUMMARY, ETC.
Summary, etc. Accompained by a CD-ROM (L145258) which is not available for loan.
650 ## - SUBJECT ADDED ENTRY--TOPICAL TERM
Topical term or geographic name entry element EMPLOYMENT LAW
650 ## - SUBJECT ADDED ENTRY--TOPICAL TERM
Topical term or geographic name entry element HEALTH AND SAFETY
9 (RLIN) 6244
650 ## - SUBJECT ADDED ENTRY--TOPICAL TERM
Topical term or geographic name entry element RECRUITMENT
650 ## - SUBJECT ADDED ENTRY--TOPICAL TERM
Topical term or geographic name entry element EMPLOYMENT CONTRACTS
650 ## - SUBJECT ADDED ENTRY--TOPICAL TERM
Topical term or geographic name entry element STAFF HANDBOOK
650 ## - SUBJECT ADDED ENTRY--TOPICAL TERM
Topical term or geographic name entry element EMPLOYMENT TRIBUNALS
650 ## - SUBJECT ADDED ENTRY--TOPICAL TERM
Topical term or geographic name entry element PERSONNEL MANAGEMENT
650 ## - SUBJECT ADDED ENTRY--TOPICAL TERM
Topical term or geographic name entry element MATERNITY RIGHTS
690 ## - LOCAL SUBJECT ADDED ENTRY--TOPICAL TERM (OCLC, RLIN)
Topical term or geographic name as entry element LAW
942 ## - ADDED ENTRY ELEMENTS (KOHA)
Suppress in OPAC 0
Holdings
Withdrawn status Lost status Source of classification or shelving scheme Damaged status Not for loan Home library Current library Shelving location Date acquired Cost, normal purchase price Total Checkouts Full call number Barcode Date last seen Date last checked out Copy number Cost, replacement price Price effective from Koha item type
    Dewey Decimal Classification     London London Books 06/05/2003 29.75 1 346.41024 CUS 30068557 06/08/2019 06/04/2004 1 29.75 06/08/2019 Book